A conceptual introduction to chemistry/ (Record no. 3383)
[ view plain ]
| 000 -LEADER | |
|---|---|
| fixed length control field | 00657nam a22001817a 4500 |
| 008 - FIXED-LENGTH DATA ELEMENTS--GENERAL INFORMATION | |
| fixed length control field | 160713b xxu||||| |||| 00| 0 eng d |
| 020 ## - INTERNATIONAL STANDARD BOOK NUMBER | |
| International Standard Book Number | 978-0-07-285768-9 |
| 082 ## - DEWEY DECIMAL CLASSIFICATION NUMBER | |
| Edition number | 2007 |
| Classification number | DC 540 |
| Item number | B32c |
| 100 ## - MAIN ENTRY--PERSONAL NAME | |
| 9 (RLIN) | 11280 |
| Personal name | Bauer, Richard C. |
| 245 ## - TITLE STATEMENT | |
| Title | A conceptual introduction to chemistry/ |
| Statement of responsibility, etc. | Richard C. Bauer, James P. Birk and Pamela S. Marks. |
| 260 ## - PUBLICATION, DISTRIBUTION, ETC. (IMPRINT) | |
| Place of publication, distribution, etc. | Boston: |
| Name of publisher, distributor, etc. | McGraw-Hill, |
| Date of publication, distribution, etc. | c2007. |
| 300 ## - PHYSICAL DESCRIPTION | |
| Extent | xxii, 647+various paging: |
| Other physical details | illustrations; |
| Dimensions | 28 cm. |
| 500 ## - GENERAL NOTE | |
| General note | Includes appendices, glossary and index.<br/><br/> |
| 650 #0 - SUBJECT ADDED ENTRY--TOPICAL TERM | |
| 9 (RLIN) | 11283 |
| Topical term or geographic name as entry element | Chemistry |
| 700 ## - ADDED ENTRY--PERSONAL NAME | |
| 9 (RLIN) | 11284 |
| Personal name | Birk, James P. |
| Relator term | Author |
| 700 ## - ADDED ENTRY--PERSONAL NAME | |
| 9 (RLIN) | 11286 |
| Personal name | Marks, Pamela S. |
| Relator term | Author |
| 942 ## - ADDED ENTRY ELEMENTS (KOHA) | |
| Source of classification or shelving scheme | Dewey Decimal Classification |
| Koha item type | Circulation |
| Withdrawn status | Lost status | Source of classification or shelving scheme | Damaged status | Not for loan | Collection code | Home library | Current library | Date acquired | Source of acquisition | Total Checkouts | Full call number | Barcode | Date last seen | Date last checked out | Price effective from | Koha item type |
|---|---|---|---|---|---|---|---|---|---|---|---|---|---|---|---|---|
| Dewey Decimal Classification | Circulation | UM Digos College - LIC | UM Digos College - LIC | 07/19/2011 | Purchased | 3 | DC 540 B32c 2007 | 21661 | 06/08/2021 | 07/06/2018 | 07/13/2016 | Circulation |
